000 00707nam a2200265 i 4500
001 C2-0205552
003 PPAK
005 20180728101609.0
008 990303s1997 my a|||| ||||| | may d
020 _a9678102250
040 _aPPAK
_beng
_cPPAK
_erda
082 0 4 _a597.96
_2 23
090 0 0 _a597.96
_bPAR
_dRK
100 1 _aParsons, Alexandra,
_eauthor
245 1 0 _aKetakjuban ular
264 1 _aKuala Lumpur :
_bVinpress ,
_c1997
300 _a29 pages :
_bcolour illustrations ;
_c24 cm
336 _2rdacontent
_atext
337 _2rdamedia
_aunmediated
338 _2rdacarrier
_avolume
490 1 _aKetakjuban dunia
650 1 0 _aSnakes
830 0 _aKetakjuban dunia
942 _ddc
_cB
999 _c157692
_d157692